| 000 | 01311cam a22003131 4500 | ||
|---|---|---|---|
| 001 | sd 45000072 | ||
| 003 | DLC | ||
| 005 | 20260227112735.0 | ||
| 008 | 790207s1945 uy 000 0 spa c | ||
| 010 | _asd 45000072 | ||
| 035 | _a(OCoLC)4628569 | ||
| 040 |
_aUnited States. Department of State. Library _cTxU _dTxU _dDLC |
||
| 041 | 0 | _aspaeng | |
| 042 | _apremarc | ||
| 050 | 0 | 0 |
_aE18.85 _b.S718 |
| 082 | _a970 | ||
| 100 | 1 |
_aSpaeth, Carl Bernhardt, _d1907- |
|
| 245 | 0 | 3 | _aEl Comité Consultivo de Emergencia para la Defensa Política. |
| 260 |
_aMontevideo, _b"Impresora Uruguaya" s.a., _c1945. |
||
| 300 |
_a52 p., 2 l. _c19 cm. |
||
| 500 | _aAt head of title: Carl B. Spaeth ... y William Sanders ... | ||
| 500 | _a"Traducción directa del inglés por Eduardo Jiménez de Aréchaga (h.)" | ||
| 500 | _a"La versión inglesa de este artículo fué publicada en el 'American journal of international law'. Volumen 38, n.⁰ 2, abril de 1944." | ||
| 500 | _a"Apartado de 'La Revista de derecho, jurisprudencia y administración,' agosto y octubre de 1944." | ||
| 610 | 2 | 0 | _aInter-American Emergency Advisory Committee for Political Defense. |
| 651 | 0 |
_aAmerica _xDefenses. |
|
| 700 | 1 |
_aSanders, William, _d1904- _e joint author. |
|
| 700 | 2 |
_aJiménez de Aréchaga, Eduardo, _d1885- _e tr. |
|
| 999 |
_c89957 _d89957 |
||